Регионална библиотека "Любен Каравелов" - Русе

Житейските възгледи на котарака Мур или фрагментарна биография на капелмайстора Йоханес Крайслер върху случайни макулатурни листа (Запис номер 188547)

MARC детайли
000 -Лидер
Контролно поле с фиксирана дължина 01763nam a2200325 c 4500
003 - Код на организацията, давaща контролен номер
Контролно поле BLK
005 - Дата и час на последна редакция
Контролно поле 20250218094409.0
008 - Елементи от данни с фиксирана дължина
fixed length control field 180411b bul|||||r ||||||| ||bul||
010 ## - Наследен системен номер
LC control number KNG00197565000
040 ## - Източник на каталожния запис
Идентификатор на билиотеката - собственик на записа BLK
041 ## - Код за език
Код за езика на текст/звукозапис или на отделно заглавие Български
Код за езика КДБФ Български
080 ## - УДК
Текстов определител УДК Немска литература
УДК код - определител по УДК 821.112.2
УДК определител -31
УДК - код + определител 821.112.2-31
100 ## - Редна дума - Автор
Автор Хофман, Ернст Теодор Амадеус
Дати, свързани с автора 1776-1822
Автор - информация (биография) Немски писател, композитор, диригент, художник.
R(LIN) 367399
139 ## - Редно поле
Редна дума Хофман, Ернст Теодор Амадеус
Авторски знак Хоф - Х 71
245 10 - Сведения за заглавието
Заглавие Житейските възгледи на котарака Мур или фрагментарна биография на капелмайстора Йоханес Крайслер върху случайни макулатурни листа
Подзаглавни данни Роман
Редно поле (дума) Ернст Теодор Амадеус Хофман; прев. от нем. Сашо Далов.
257 ## - Страна на издаване
Страна на създаване/издаване Германия
260 ## - Област на издателските данни
Име на издателя, разпространителя и проч. ОФ
Година на издаване 1973
Място на издаване, разпространение и проч. София
300 ## - Физическа характеристика
Страници 384 с.
Размери/Мащаб 21 см
380 ## - Жанр
Жанр Худож. лит.
490 ## - СЕРИИ (Колекции)
Име на серия Библиотека Политическа сатира
9 (RLIN) 208725
500 ## - Общи забележки
Забележка Кор. загл. Житейските възгледи на котарака Мур ; Ориг. загл. Lebensansichfen des Katers Murr nebst fragmentarischer Biographie Kapellmeisters Johannes Kreisier in zufalligen Makulaturbla Hern. - Авт. не е отбелязан на кор. - 35 100 тир.
700 1# - Други автори (авторска отговорност)
Лично име Далов, Сашо
Автороска отговорност (Описва отношението между автора и произведението) прев. от нем.
9 (RLIN) 58117
852 ## - Местоположение
Форматна сигнатура Цб 69681
Фондова буква Хранилище
856 4# - Електронен адрес и достъп
Електронен формат pdf - файл
856 4# - Електронен адрес и достъп
Електронен формат pdf - файл
999 ## - СИСТЕМНИ КОНТРОЛНИ НОМЕРА
Koha biblionumber 188547
Koha biblioitemnumber 188547
942 ## - АРТИКУЛИ
Вид на библиотечния материал Книги
Скрит в OPAC Не
Периодичен библиозапис Да
944 ## - СЪЗДАВАНЕ И РЕДАКЦИЯ на ЗАПИСА
Създаване/Редакция Създаване
Дата на регистрацията/редакция 07.12.2016
Служител, извършил регистрацията/редакцията 30560
Статус, дата на статуса Геновева Генчева
944 ## - СЪЗДАВАНЕ И РЕДАКЦИЯ на ЗАПИСА
Създаване/Редакция Редакция
Дата на регистрацията/редакция 07.12.2016
Служител, извършил регистрацията/редакцията Кети_Илиева
999 ## - СИСТЕМНИ КОНТРОЛНИ НОМЕРА
Koha biblioitemnumber 188547
Наличности
Код за отписване Код за изгубен артикул Източник на класификационната схема Код за повреда Коз за рестрикции Код за отдаване Артикулен № Име на библиотеката - собственик Име на библиотеката, в която се намира в момента Статус (Текущо местоположение) Дата на вписване в системата Местоположение - отдел Цена в лева Инвентарен номер Систематично азбучна сигнатура Баркод Номер на екземпляра Цена в евро Служебна бележка Служебен тип на артикула Бележка за публиката
  Не е изгубен Universal Decimal Classification Не е повреден само за читалня ползва се в читалня 331037 Регионална библиотека "Любен Каравелов" Русе Регионална библиотека "Любен Каравелов" Русе Хранилище 1973-01-01 Хранилище 1.60 148143 Цб 69681 120000148143 1 0.82 Вид: Сф Дата: 01.01.1973 Книги  
Изтеглен Не е изгубен Universal Decimal Classification Не е повреден без рестрикции заемане за дома 331038 Регионална библиотека "Любен Каравелов" Русе Регионална библиотека "Любен Каравелов" Русе Заемна - подръчен фонд 1973-01-01 Заемна - подръчен фонд 1.60 160927 П 830-31/Х 71 160927 2 0.82 Вид: Сф Дата: 01.01.1973 Книги  
Изтеглен Не е изгубен   Не е повреден без рестрикции заемане за дома 331039 Регионална библиотека "Любен Каравелов" Русе Регионална библиотека "Любен Каравелов" Русе   1973-01-01 Заемна - подръчен фонд 1.60 160928 П 830-31/Х 71 160928 3 0.82 Вид: Сф Дата: 01.01.1973 Книги Отч.N: 11/2018 , Дата: 02.02.2018
Изтеглен Не е изгубен Universal Decimal Classification Не е повреден без рестрикции заемане за дома 331040 Регионална библиотека "Любен Каравелов" Русе Регионална библиотека "Любен Каравелов" Русе Заемна - подръчен фонд 1973-01-01 Заемна - подръчен фонд 1.60 160931 П 830-31/Х 71 160931 4 0.82 Вид: Сф Дата: 01.01.1973 Книги  
Изтеглен Не е изгубен Universal Decimal Classification Не е повреден без рестрикции заемане за дома 331041 Регионална библиотека "Любен Каравелов" Русе Регионална библиотека "Любен Каравелов" Русе Заемна - подръчен фонд 1973-01-01 Заемна - подръчен фонд 1.60 268550 П 830-31/Х 71 268550 5 0.82 Вид: Сф Дата: 01.01.1973 Дата инв: 09.03.2018 Бележки инв: П2018 Книги  
Vip Innovations Ltd, Rousse, Bulgaria 2025